000 00365cam a2200157ua 4500
041 _aeng
_h
082 _a530.412
_bSTE/PR
100 _aSteels, H .
245 _aProperties of matter /
_cH.Steels.
_hTextual Documents
250 _a3 /
_b.
260 _aLondon :
_bJohn Murray ,
_c1959.
300 _a218 ; .
504 _a
942 _cBK
999 _c1929
_d1929